<?xml version="1.0" encoding="UTF-8"?>
<record
    xmlns:xsi="http://www.w3.org/2001/XMLSchema-instance"
    xsi:schemaLocation="http://www.loc.gov/MARC21/slim http://www.loc.gov/standards/marcxml/schema/MARC21slim.xsd"
    xmlns="http://www.loc.gov/MARC21/slim">

  <leader>01468nam a22002417a 4500</leader>
  <datafield tag="999" ind1=" " ind2=" ">
    <subfield code="c">22132</subfield>
    <subfield code="d">22132</subfield>
  </datafield>
  <controlfield tag="003">AR-CdUCM</controlfield>
  <controlfield tag="008">190605b           ||||| |||| 00| 0 spa d</controlfield>
  <datafield tag="040" ind1=" " ind2=" ">
    <subfield code="a">MUNICIPALIDAD PROVINCIAL DEL CUSCO</subfield>
    <subfield code="c">BIBLIOTECA MUNICIPAL DEL CUSCO</subfield>
  </datafield>
  <datafield tag="082" ind1=" " ind2=" ">
    <subfield code="a">RevZoo/N&#xB0;2/1986</subfield>
  </datafield>
  <datafield tag="110" ind1=" " ind2=" ">
    <subfield code="a">Universidad Nacional de San Antonio Abad del Cusco</subfield>
    <subfield code="9">15942</subfield>
  </datafield>
  <datafield tag="245" ind1=" " ind2=" ">
    <subfield code="a">Revista de Zoolog&#xED;a /</subfield>
    <subfield code="c">Facultad de Ciencias Biol&#xF3;gicas y Geograf&#xED;a</subfield>
  </datafield>
  <datafield tag="260" ind1=" " ind2=" ">
    <subfield code="a">Cusco.</subfield>
    <subfield code="b">Ya&#xF1;ez,</subfield>
    <subfield code="c">1986.</subfield>
  </datafield>
  <datafield tag="300" ind1=" " ind2=" ">
    <subfield code="a">101 p&#xE1;ginas ;</subfield>
    <subfield code="b">Ilustraciones,</subfield>
    <subfield code="c">29 cm.</subfield>
  </datafield>
  <datafield tag="440" ind1=" " ind2=" ">
    <subfield code="a">Revista de Zoolog&#xED;a.</subfield>
    <subfield code="n">Volumen 2, N&#xB0;2, 1986.</subfield>
    <subfield code="9">47508</subfield>
  </datafield>
  <datafield tag="505" ind1=" " ind2=" ">
    <subfield code="a">Contenido: Actividades de los Bi&#xF3;logos en las &#xE1;reas de Zoolog&#xED;a y Ecolog&#xED;a. -- Aves registradores en las lagunas de Huacarpac Cusco. Ceballos B, Ismael. -- Un informe sobre el viaje de pr&#xE1;cticas de Zoolog&#xED;a econ&#xF3;mica realizado al departamento de Ayacucho en 1965. -- Gusanos cortadores de chocleros del ma&#xED;z en el Cusco. -- F&#xF3;siles de cam&#xE9;lidos del cuaternario del valle del Cusco. Jos&#xE9; &#xC1;ngel Ram&#xED;rez. --  Busqueda de tecnolog&#xED;a para la introducci&#xF3;n y adaptaci&#xF3;n de la cochinilla del carm&#xED;n en la comunidad de Ccapa Paruro. Edgar Ormachea. -- An&#xE1;lisis coproparasitol&#xF3;gico en el poblado de Aguas Calientes Machupicchu. Flavia Mu&#xF1;iz. ...</subfield>
  </datafield>
  <datafield tag="650" ind1=" " ind2=" ">
    <subfield code="a">Ecolog&#xED;a</subfield>
    <subfield code="9">4960</subfield>
  </datafield>
  <datafield tag="650" ind1=" " ind2=" ">
    <subfield code="a">Biolog&#xED;a</subfield>
    <subfield code="9">881</subfield>
  </datafield>
  <datafield tag="650" ind1=" " ind2=" ">
    <subfield code="a">Zoolog&#xED;a cusque&#xF1;a</subfield>
    <subfield code="9">47509</subfield>
  </datafield>
  <datafield tag="700" ind1=" " ind2=" ">
    <subfield code="a">Escalante, Jose A.</subfield>
    <subfield code="9">43340</subfield>
  </datafield>
  <datafield tag="700" ind1=" " ind2=" ">
    <subfield code="a">Ochoa, Oscar</subfield>
    <subfield code="9">43341</subfield>
  </datafield>
  <datafield tag="942" ind1=" " ind2=" ">
    <subfield code="2">ddc</subfield>
    <subfield code="c">PP</subfield>
  </datafield>
  <datafield tag="945" ind1=" " ind2=" ">
    <subfield code="a">vhl</subfield>
  </datafield>
  <datafield tag="952" ind1=" " ind2=" ">
    <subfield code="0">0</subfield>
    <subfield code="2">ddc</subfield>
    <subfield code="4">0</subfield>
    <subfield code="7">0</subfield>
    <subfield code="a">HEM</subfield>
    <subfield code="b">HEM</subfield>
    <subfield code="c">CART</subfield>
    <subfield code="d">2022-03-09</subfield>
    <subfield code="g">5.00</subfield>
    <subfield code="o">RevZoo/N&#xB0;2/1986</subfield>
    <subfield code="p">REVC000656</subfield>
    <subfield code="r">2022-03-09</subfield>
    <subfield code="y">PP</subfield>
  </datafield>
</record>
